Entry Personal Name
Number of records used in: 1
001 - CONTROL NUMBER
003 - CONTROL NUMBER IDENTIFIER
005 - DATE AND TIME OF LATEST TRANSACTION
- control field:
20221003134603.0
008 - FIXED-LENGTH DATA ELEMENTS
- fixed length control field:
800423n| azannaab| |a aaa |||
010 ## - LIBRARY OF CONGRESS CONTROL NUMBER
- LC control number:
n 50017514
035 ## - SYSTEM CONTROL NUMBER
- System control number:
(Uk)000139131
040 ## - CATALOGING SOURCE
- Original cataloging agency:
DLC
- Language of cataloging:
eng
- Description conventions:
rda
- Transcribing agency:
DLC
- Modifying agency:
DLC
- Modifying agency:
Uk
- Modifying agency:
DLC
100 1# - HEADING--PERSONAL NAME
- Personal name:
Gunstone, F. D.
400 1# - SEE FROM TRACING--PERSONAL NAME
- Personal name:
Gunstone, Frank D.
670 ## - SOURCE DATA FOUND
- Source citation:
His An introduction to the chemistry of fats and fatty acids, 1958.
670 ## - SOURCE DATA FOUND
- Source citation:
His Lipids in foods, 1983:
- Information found:
CIP t.p. (Frank D. Gunstone)
670 ## - SOURCE DATA FOUND
- Source citation:
The Lipid handbook, 1986:
- Information found:
CIP t.p. (Frank D. Gunstone) CIP data sheet (b. 10/27/23)
670 ## - SOURCE DATA FOUND
- Source citation:
BL database, 27 Oct. 2006
- Information found:
(hdg.: Gunstone, Frank Denby; usage: F.D. Gunstone; Frank D. Gunstone)
670 ## - SOURCE DATA FOUND
- Source citation:
Information from 678 converted Dec. 15, 2014
- Information found:
(Ph.D., A.R.I.C.)